Phytochemical and biological studies on the aerial parts of calliandra haematocephala Hassk.and dichrostachys cinerea L. / (رقم التسجيلة. 12736)

تفاصيل مارك
000 -LEADER
fixed length control field 017070000a22003370004500
003 - CONTROL NUMBER IDENTIFIER
control field EG-GICUC
005 - DATE AND TIME OF LATEST TRANSACTION
control field 20250223025427.0
008 - FIXED-LENGTH DATA ELEMENTS--GENERAL INFORMATION
fixed length control field 081227s2008 ua d f m 000 0 eng d
040 ## - CATALOGING SOURCE
Original cataloging agency EG-GICUC
Language of cataloging eng
Transcribing agency EG-GICUC
041 0# - LANGUAGE CODE
Language code of text/sound track or separate title eng
049 ## - LOCAL HOLDINGS (OCLC)
Holding library Deposite
097 ## - Thesis Degree
Thesis Level Ph.D
099 ## - LOCAL FREE-TEXT CALL NUMBER (OCLC)
Classification number Cai01.08.07.Ph.D.2008.Re.P
100 0# - MAIN ENTRY--PERSONAL NAME
Personal name Reda Sayed Mohammed Hassan
245 10 - TITLE STATEMENT
Title Phytochemical and biological studies on the aerial parts of calliandra haematocephala Hassk.and dichrostachys cinerea L. /
Statement of responsibility, etc. Reda Sayed Mohammed Hassan ; Supervised Mohamed Said Hifnawy , Aisha Hussein Saleh Abouzeid
246 15 - VARYING FORM OF TITLE
Title proper/short title دراسة فيتوكيميائية و بيولوجية على الاجزاء الهوائية لنباتى كالياندرا هيماتوسيفالا هاسكزو يكروستاشيز سينيريا ل
260 ## - PUBLICATION, DISTRIBUTION, ETC.
Place of publication, distribution, etc. Cairo :
Name of publisher, distributor, etc. Reda Sayed Mohammed Hassan ,
Date of publication, distribution, etc. 2008
300 ## - PHYSICAL DESCRIPTION
Extent 331 P. :
Other physical details charts ;
Dimensions 25cm
502 ## - DISSERTATION NOTE
Dissertation note Thesis (Ph.D.) - Cairo University - Faculty of Pharmacy - Department of Pharmacognosy
520 ## - SUMMARY, ETC.
Summary, etc. Phytochemical constituents and biological activities of the aerial parts of calliandra haematocephala Hassk.and dichrostachys cinerea L.phytochemical screening of both plants revealed the presence of flavonoid glycosides , sterols and\\ortriterpenes , carbohydrates and\\or glycosides and volatile constituents
530 ## - ADDITIONAL PHYSICAL FORM AVAILABLE NOTE
Additional physical form available note Issued also as CD
653 #4 - INDEX TERM--UNCONTROLLED
Uncontrolled term Calliandra haematocephala
653 #4 - INDEX TERM--UNCONTROLLED
Uncontrolled term Lactose
653 #4 - INDEX TERM--UNCONTROLLED
Uncontrolled term Ribose
700 0# - ADDED ENTRY--PERSONAL NAME
Personal name Aisha Hussein Saleh Abouzeid ,
Relator term
700 0# - ADDED ENTRY--PERSONAL NAME
Personal name Mohamed Said Hifnawy ,
Relator term
856 ## - ELECTRONIC LOCATION AND ACCESS
Uniform Resource Identifier <a href="http://172.23.153.220/th.pdf">http://172.23.153.220/th.pdf</a>
905 ## - LOCAL DATA ELEMENT E, LDE (RLIN)
Cataloger Mustafa
Reviser Revisor
905 ## - LOCAL DATA ELEMENT E, LDE (RLIN)
Cataloger Nazla
Reviser Cataloger
942 ## - ADDED ENTRY ELEMENTS (KOHA)
Source of classification or shelving scheme Dewey Decimal Classification
Koha item type Thesis
المقتنيات
Source of classification or shelving scheme Not for loan Home library Current library Date acquired Full call number Barcode Date last seen Koha item type Copy number
Dewey Decimal Classification   المكتبة المركزبة الجديدة - جامعة القاهرة قاعة الرسائل الجامعية - الدور الاول 11.02.2024 Cai01.08.07.Ph.D.2008.Re.P 01010110049563000 22.09.2023 Thesis  
Dewey Decimal Classification   المكتبة المركزبة الجديدة - جامعة القاهرة مخـــزن الرســائل الجـــامعية - البدروم 11.02.2024 Cai01.08.07.Ph.D.2008.Re.P 01020110049563000 22.09.2023 CD - Rom 49563.CD
Cairo University Libraries Portal Implemented & Customized by: Eng. M. Mohamady Contacts: new-lib@cl.cu.edu.eg | cnul@cl.cu.edu.eg
CUCL logo CNUL logo
© All rights reserved — Cairo University Libraries
CUCL logo
Implemented & Customized by: Eng. M. Mohamady Contact: new-lib@cl.cu.edu.eg © All rights reserved — New Central Library
CNUL logo
Implemented & Customized by: Eng. M. Mohamady Contact: cnul@cl.cu.edu.eg © All rights reserved — Cairo National University Library